000 00307 a2200121 4500
040 _aDLC
_bDLC
100 _aMohsin Ehsan
245 _aNashanida
_cMohsin Ehsan
_h(urdu)
260 _aLahore:
_bAlHammd Publications,
_c1993.
300 _a200 p. ;
_c24cm.
650 _aUrdu poetry
942 _cBK
_k891.4391 MOH
_2ddc
999 _c9872
_d9872